|
|
|
|
| LEADER |
00797nam a22002057a 4500 |
| 008 |
140926b xxu||||| |||| 00| 0 eng d |
| 999 |
|
|
|c 16964
|d 16964
|
| 020 |
|
|
|a 9788126424757
|
| 082 |
|
|
|a 211.8 DOC/RAV
|
| 100 |
|
|
|a രവിചന്ദ്രന് സി.
|
| 240 |
|
|
|a Nasthikanaya daivam
|
| 245 |
|
|
|a നാസ്തികനായ ദൈവം /
|c രവിചന്ദ്രന് സി.
|
| 250 |
|
|
|a 3rd ed.
|
| 260 |
|
|
|a കോട്ടയം :
|b ഡി.സി. ബുക്സ്,
|c 2016.
|
| 300 |
|
|
|a 510 p.
|
| 600 |
|
|
|a Dockins, Richard
|
| 650 |
|
|
|a Study
|
| 700 |
|
|
|a Ravichandran C.
|
| 942 |
|
|
|2 ddc
|c BK
|
| 952 |
|
|
|0 0
|1 0
|2 ddc
|4 0
|6 211_800000000000000_DOC_RAV
|7 0
|9 23768
|a MAIN
|b MAIN
|d 2017-03-15
|e Current Books
|g 395.00
|l 2
|o 211.8 DOC/RAV
|p 23598
|r 2018-06-27
|s 2018-06-27
|t 1
|w 2017-03-15
|y BK
|